000
00253 a2200121 4500
020
_a
0852974361
090
_c
169
_d
169
100
_a
Brain Coyle
245
_a
Currency Swaps
260
_a
Canterbury
300
_a
122 P
942
_a
NBS
_c
BK
_k
658.15 COY
999
_c
342743
_d
342743